| 000 | 01045nam a2200205Ia 4500 | ||
|---|---|---|---|
| 001 | IA_To carry out this project will require an estimated initial investment of 646519.89, making a profit for the company of 885462.2 for 10 year of operation. With an internal rate of return (TIR by its spanish acronym) of 59 % for the project. The same form we obtained the net present value (VAN by its spanish acronym) of 774923 for the project. | ||
| 002 | ESTUDIO DE FACTIBILIDAD TECNICO-ECONOMICO PARA LA | ||
| 008 | 220117s xx 000 0 und d | ||
| 010 | _a184947 | ||
| 530 | _aDisponible en PDF | ||
| 650 | 0 |
_aDairy industry _zMexico _zTlaxcala _9149911 |
|
| 650 |
_aEntrepreneurship _9148030 |
||
| 650 | 0 |
_aIndustria lechera _zMéxico _zTlaxcala _9149914 |
|
| 650 |
_aIniciativa empresarial _9148031 |
||
| 700 |
_aMejenes Quijano, Amilcar R., asesor _9142806 |
||
| 700 | 1 |
_aPonce Hernández, Pedro _9147918 |
|
| 700 |
_aReyna Izaguirre, Diana América, asesor _9163691 |
||
| 942 | _cTESIS L676 2013 | ||
| 999 |
_c184947 _d184947 |
||